Funding rivalry 'fuelled conflict in Bradford' (Record no. 67764)

MARC details
000 -LEADER
fixed length control field 00895cam a2200205 4500
001 - CONTROL NUMBER
control field WB3729-26
008 - FIXED-LENGTH DATA ELEMENTS--GENERAL INFORMATION
fixed length control field 010724n2001 000 0 eng u
035 ## - SYSTEM CONTROL NUMBER
System control number (Sirsi) u113737
245 ## - TITLE STATEMENT
Title Funding rivalry 'fuelled conflict in Bradford'
260 ## - PUBLICATION, DISTRIBUTION, ETC.
Date of publication, distribution, etc. 2001
490 ## - SERIES STATEMENT
Series statement Urban Environment Today
Volume/sequential designation 19 July 2001, 6(1)
520 ## - SUMMARY, ETC.
Summary, etc. Review of race relations conducted in Bradford argues regeneration schemes that force communities to compete against each other contributed to the recent conficts in the city. Report says local people often fail to see positive results from the initiatives. To view a copy of the report go to Bradford Vision website at http://www.bradford2020.com/pride/report.html
590 ## - LOCAL NOTE (RLIN)
Local note WB
650 ## - SUBJECT ADDED ENTRY--TOPICAL TERM
Topical term or geographic name entry element REGENERATION SCHEMES
650 ## - SUBJECT ADDED ENTRY--TOPICAL TERM
Topical term or geographic name entry element RACE RELATIONS
650 ## - SUBJECT ADDED ENTRY--TOPICAL TERM
Topical term or geographic name entry element COMMISSION FOR RACIAL EQUALITY
650 ## - SUBJECT ADDED ENTRY--TOPICAL TERM
Topical term or geographic name entry element BRADFORD
690 ## - LOCAL SUBJECT ADDED ENTRY--TOPICAL TERM (OCLC, RLIN)
Topical term or geographic name as entry element REGENERATION
942 ## - ADDED ENTRY ELEMENTS (KOHA)
Suppress in OPAC 0
Holdings
Withdrawn status Lost status Source of classification or shelving scheme Damaged status Not for loan Home library Current library Shelving location Date acquired Total Checkouts Full call number Barcode Date last seen Copy number Price effective from Koha item type
    Dewey Decimal Classification     London London News article 24/07/2001   WB3729-26 113737-1001 06/08/2019 1 06/08/2019 News article